Don Johnson Filmography - Statistics

General Stats
  • This quiz has been taken 25 times
    7 since last reset
  • The average score is 15 of 122
Answer Stats
Type Year Name % Correct
Film 1975 A Boy and His Dog
67%
Film 2012 Django Unchained
67%
Film 2019 Knives Out
67%
TV Show 1984-1989 Miami Vice
67%
Film 2024 Rebel Ridge
67%
Film 1975 Return to Macon County
67%
Film 1982 Aladdin and the Wonderful Lamp
33%
Film 2014 Alex of Venice
33%
Film 2023 A Little White Lie
33%
Film 2007 Bastardi
33%
Film 2018 Book Club
33%
Film 2023 Book Club: The Next Chapter
33%
Film 1993 Born Yesterday
33%
Film 2017 Brawl in Cell Block 99
33%
Film 2014 Cold in July
33%
TV Show 2024-2025 Doctor Odyssey
33%
Film 2018 Dragged Across Concrete
33%
TV Film 1978 First, You Cry
33%
TV Show 2014-2015 From Dusk till Dawn: The Series
33%
Film 1987 G.I. Joe: The Movie
33%
Film 1991 Harley Davidson and the Marlboro Man
33%
TV Film 1995 In Pursuit of Honor
33%
TV Show 2005-2006 Just Legal
33%
TV Show 2021-2022 Kenan
33%
TV Show 1973 Kung Fu
33%
Film 2010 Machete
33%
TV Show 1996-2001 Nash Bridges
33%
TV Film 2021 Nash Bridges
33%
Film 1991 Paradise
33%
TV Show 1988, 2015 Saturday Night Live
33%
TV Film 1990 Seriously... Phil Collins
33%
TV Show 2017 Sick Note
33%
Film 1981 Swan Lake
33%
Film 2023 The Collective
33%
Film 1990 The Hot Spot
33%
Film 1996 Tin Cup
33%
TV Show 2016 TripTank
33%
Film 2024 Unit 234
33%
Film 2017 Vengeance: A Love Story
33%
TV Film 2003 Word of Honor
33%
Theater 1975 A Flea in Her Ear
0%
Film 2011 A Good Old Fashioned Orgy
0%
TV Pilot 2011 A Mann's World
0%
TV Film 1979 Amateur Night at the Dixie Bar and Grill
0%
TV Film 1979 Amateur Night at the Dixie Bar and Grill
0%
TV Show 1976 Barnaby Jones
0%
Commercial Early 1990s Bavaria Beer
0%
TV Mini-Series 1980 Beulah Land
0%
TV Show 1977 Big Hawaii
0%
TV Show 2015 Blood & Oil
0%
Film 2011 Bucky Larson: Born to Be a Star
0%
Film 1985 Cease Fire
0%
TV Film 1977 Cover Girls
0%
TV Pilot 2018 Daddy Issues
0%
Film 1989 Dead Bang
0%
Commercial 1989 Diet Coke
0%
TV Show 2010-2012 Eastbound & Down
0%
TV Show 1977 Eight Is Enough
0%
TV Film 1981 Elvis and the Beauty Queen
0%
Film TBA Encore
0%
Short Film 2011 Four Loko Vineyards
0%
TV Show 1980 From Here to Eternity
0%
TV Show 2010-2011 Glenn Martin, DDS
0%
Film 1998 Goodbye Lover
0%
Film 1993 Guilty as Sin
0%
Theater 2006 Guys and Dolls
0%
Film 1987 Heartbeat
0%
Film 2022 High Heat
0%
Web Mini-Series 2020 Home Movie: The Princess Bride
0%
Film 2008 I'll Be Back to Living Alone
0%
TV Film 1978 Katie: Portrait of a Centerfold
0%
Film 2008 Lange Flate Ballær 2
0%
TV Show 2018 LA to Vegas
0%
TV Film 1976 Law of the Land
0%
Web Series 2017 Lemony Snicket's A Series of Unfortunate Events
0%
Film 1974 Lollipops, Roses and Talangka
0%
Film 1978 Lupin the 3rd: The Mystery of Mamo
0%
TV Show 1982 Matt Houston
0%
Film 1982 Melanie
0%
Film 2007 Moondance Alexander
0%
TV Show 1977 Nashville 99
0%
Commercial 2010 Nike
0%
Commercial 1986 Pepsi
0%
TV Show 1977 Police Story
0%
TV Film 1978 Pressure Point
0%
TV Film 1980 Revenge of the Stepford Wives
0%
Film TBA Score
0%
TV Show 1971 Serge
0%
Film 2022 Shriver
0%
TV Pilot 1983 Six Pack
0%
TV Film 1978 Ski Lift to Death
0%
Film 1981 Soggy Bottom, U.S.A.
0%
TV Pilot 2010 Southern Discomfort
0%
Film 1988 Sweet Hearts Dance
0%
TV Show 1985 Tales of the Unexpected
0%
Award Show 1997 The 23rd Annual People's Choice Awards
0%
Award Show 2000 The 26th Annual People's Choice Awards
0%
TV Show 1978 The American Girls
0%
Theater 1975 The Ballad of the Sad Cafe
0%
TV Show 1972 The Bold Ones: The New Doctors
0%
TV Pilot 1977 The City
0%
TV Special 1992 The Grand Opening of Euro Disney
0%
Film 1973 The Harrad Experiment
0%
Theater 1975 The Hot L. Baltimore
0%
TV Mini-Series 1985 The Long Hot Summer
0%
Film 1970 The Magic Garden of Stanley Sweetheart
0%
Director 1995 The Marshal
0%
Film 2014 The Other Woman
0%
TV Show 1979 The Rebels
0%
TV Show 1974 The Rookies
0%
TV Show 1976 The Streets of San Francisco
0%
Theater 1976 The Sunshine Boys
0%
TV Film 1978 The Two-Five
0%
TV Film 1981 The Two Lives of Carol Letner
0%
Film 2019 Vault
0%
Short Film 1986 Voices of America: Hands Across America
0%
TV Mini-Series 2019 Watchmen
0%
TV Show 1978 What Really Happened to the Class of '65?
0%
Film 2010 When in Rome
0%
TV Show 2010 WWE Raw
0%
TV Show 1972 Young Dr. Kildare
0%
Film 1971 Zachariah
0%
No matching quizzes found
Score Distribution
Percent of People with Each Score
Percentile by Number Answered
Your Score History
You have not taken this quiz since the last reset